000 00896nam a2200229 a 4500
001 83229
003 BD-RjUL
005 20240305121708.0
008 240304s2013 ii ||||| |||| 00| 0 ben d
020 _a9788184372113
035 _a(BD-RjUL)83229
040 _aBD-RjUL
_beng
_cBD-RjUL
041 _aben
082 _223
_a891.209
_bMIS 2013
100 _aমিশ্র, সুপর্ণা বসু
_912090
245 _aসংস্কৃত সাহিত্যের ইতিহাস /
_cসুপর্ণা বসু মিশ্র
260 _aকলকাতা :
_bকরুণা প্রকাশনী,
_c২০১৩
300 _a৩২০ প.;
_c২২ সেমি.
650 _aসংস্কৃত সাহিত্য
_vইতিহাস ও সমালোচনা
_912091
650 _aSanskrit Literature
_vHistory and Criticism
_912092
942 _2ddc
_cBK
999 _c83229
_d83229